000 00592nam a22001937a 4500
005 20260515115042.0
008 240925b |||||||| |||| 00| 0 eng d
020 _a9789359986999
040 _aIN-DiNC
_cIN-DiNC
041 _deng
082 _a030
_bSHA
100 _aSharma, Shruti
_eauthor
245 _aPrelims possible-Indian economy:
_bIAS & State PCS 300+solved (chapterwise-topicwise 2023-1990)/
_cby Shruti Sharma and Abhishek Karn
260 _aNew Delhi:
_bArihant,
_cn.a.
300 _a467p.
650 _aNational income
700 _aKarn, Abhishek
_eauthor
942 _2ddc
_cBK
999 _c11966
_d11966